000
00232 a2200097 4500
001
59859
100
_a
245
_a
Classical Mechanics; With MATLAB Applications
260
_a
USA
_b
Jones and Bartlett
_c
2009
090
_c
36694
_d
36694
942
_a
NUST-CAE
_c
_c
29662
999
_c
294932
_d
294932